Queens Of The Stone Age Songs - Statistics

General Stats
  • This quiz has been taken 252 times
    251 since last reset
  • The average score is 48 of 80
Answer Stats
% Correct
2 No One Knows
90%
13 Song for the Deaf
84%
8 Go With the Flow
83%
4 Song for the Dead
83%
10 ...Like Clockwork
79%
1 You Think I Ain't Worth a Dollar, But I Feel Like a Millionaire
78%
7 Little Sister
77%
1 Feel Good Hit of the Summer
76%
7 Make It Wit Chu
75%
14 Mosquito Song
75%
8 3's & 7's
74%
2 I Sat by the Ocean
72%
7 Mexicola
71%
5 My God Is the Sun
71%
2 The Lost Art of Keeping a Secret
71%
2 The Way You Used to Do
71%
1 Regular John
70%
8 Smooth Sailing
70%
7 Hangin' Tree
69%
9 I Appear Missing
69%
1 Feet Don't Fail Me
68%
3 First It Giveth
68%
11 God Is in the Radio
68%
4 If I Had a Tail
68%
2 Sick, Sick, Sick
68%
6 Six Shooter
67%
3 The Vampyre of Time and Memory
66%
5 Burn the Witch
65%
6 Kalopsia
65%
1 Turnin' on the Screw
65%
2 Avon
63%
4 Fortress
63%
2 Medication
63%
4 Auto Pilot
62%
1 Keep Your Eyes Peeled
62%
7 Fairweather Friends
61%
8 The Evil Has Landed
61%
12 Another Love Song
59%
5 Head Like a Haunted House
59%
3 If Only
59%
6 In My Head
59%
5 The Sky Is Fallin'
59%
10 Do It Again
58%
11 I Think I Lost My Headache
58%
6 Battery Acid
57%
8 In the Fade
57%
3 Leg of Lamb
57%
6 Monsters in the Parasol
57%
9 Someone's in the Wolf
57%
9 Villains of Circumstance
57%
4 Tangled Up in Plaid
56%
1 This Lullaby
55%
5 Better Living Through Chemistry
54%
3 Domesticated Animals
54%
3 I'm Designer
54%
5 Misfit Love
54%
11 Run, Pig, Run
54%
3 Everybody Knows That You Are Insane
53%
9 Gonna Leave You
52%
10 Lightning Song
52%
9 Tension Head
50%
6 How to Handle a Rope
49%
8 I Never Came
49%
14 Long Slow Goodbye
49%
4 Into the Hollow
48%
7 Quick and to the Pointless
46%
12 Broken Box
45%
7 Hideaway
44%
10 Give the Mule What He Wants
43%
10 River in the Road
43%
9 Suture Up Your Future
43%
6 Un-Reborn Again
43%
11 I Was a Teenage Hand Model
41%
4 Walkin' on the Sidewalks
40%
9 You Can't Quit Me Baby
39%
5 You Would Know
39%
11 Skin on Skin
37%
8 Hispanic Impressions
35%
10 The Blood Is Love
35%
13 "You Got a Killer Scene There, Man..."
32%
No matching quizzes found
Score Distribution
Percent of People with Each Score
Percentile by Number Answered
Your Score History
You have not taken this quiz since the last reset